Kós Károly [fénykép] /
Elmentve itt :
| Szerző: | |
|---|---|
| Dokumentumtípus: | Cikk |
| Megjelent: |
1988
|
| Sorozat: | Tiszatáj
42 No. 11 |
| Kulcsszavak: | Szobrászat - magyar - 20. sz. |
| Online Access: | http://tiszataj.bibl.u-szeged.hu/13855 |
| LEADER | 00581nab a2200181 i 4500 | ||
|---|---|---|---|
| 001 | tisza13855 | ||
| 005 | 20200330145423.0 | ||
| 008 | 170325s1988 hu o 0|| hun d | ||
| 022 | |a 0133-1167 | ||
| 040 | |a SZTE Tiszatáj Archívum |b hun | ||
| 041 | |a hun | ||
| 100 | 1 | |a Péterfy László | |
| 245 | 1 | 0 | |a Kós Károly |h [elektronikus dokumentum] : |b [fénykép] / |c Péterfy László |
| 260 | |c 1988 | ||
| 300 | |a 110 | ||
| 490 | 0 | |a Tiszatáj |v 42 No. 11 | |
| 695 | |a Szobrászat - magyar - 20. sz. | ||
| 856 | 4 | 0 | |u http://tiszataj.bibl.u-szeged.hu/13855/1/tiszataj_1988_011_110.pdf |z Dokumentum-elérés |